|
|
|
|
| LEADER |
00000cam a2200000 a 4500 |
| 001 |
vtls010350181 |
| 003 |
SK-MaSNL |
| 005 |
20260301032545.0 |
| 008 |
240318s2011 xo o g 001 0 slo |
| 015 |
|
|
|a SNBA2012/09-04941
|
| 020 |
|
|
|a 9788055602011
|q (brož.)
|
| 040 |
|
|
|a SNK
|b slo
|c SNK
|e AACR2
|
| 041 |
1 |
|
|a slo
|h eng
|
| 044 |
|
|
|a xo
|c SK
|
| 072 |
|
7 |
|a 641
|x Kuchárstvo. Potraviny. Varené jedlá
|2 konspekt
|
| 080 |
|
|
|a 641.85:664.683/.684
|2 2001
|
| 080 |
|
|
|a (083.12)
|2 2001
|
| 100 |
1 |
|
|a Carroll, Richard,
|d 1938-
|4 aut
|9 330085
|
| 240 |
0 |
0 |
|a Cupcake creations
|l Slovensky
|
| 245 |
1 |
0 |
|a Zdobené mafiny na každú príležitosť
|c [text: Richard Carroll ; fotografie: Brent Parker Jones ; z anglického originálu preložila Zuzana Šeršeňová]
|
| 250 |
|
|
|a 1. slov. vyd.
|
| 260 |
|
|
|a Bratislava
|b Slovart
|c 2011
|
| 300 |
|
|
|a 79 s.
|b fareb. fotogr.
|c 22 cm
|e 1 silikónova forma +1 zdobiace vrecko s 5 špičkami
|
| 500 |
|
|
|a Kniha a prílohy uložené v krabici 23 x 34 x 5 cm
|
| 500 |
|
|
|a Hrebeňová väzba
|
| 504 |
|
|
|a Zoz. receptov. Reg.
|
| 650 |
0 |
7 |
|a mafiny
|2 SNKPH
|9 330086
|
| 650 |
0 |
7 |
|a Muffins
|2 SNKPHeng
|9 330087
|
| 655 |
|
7 |
|a kuchárske recepty
|2 SNKPH
|9 70493
|
| 655 |
|
7 |
|a Cookbooks
|2 SNKPHeng
|9 270340
|
| 700 |
1 |
|
|a Parker Jones, Brent
|4 pht
|9 328927
|
| 700 |
1 |
|
|a Šeršeňová, Zuzana,
|d 1969-
|4 trl
|9 218972
|
| 852 |
|
|
|a Štátna vedecká knižnica v Banskej Bystrici
|
| 919 |
|
|
|a 978-80-556-0201-1
|
| 958 |
|
|
|a OP
|
| 968 |
|
|
|b ENG
|d 64
|
| 999 |
|
|
|c 578613
|d 580543
|
| 952 |
|
|
|a SNK
|b SNK
|y PREZ
|7 0
|p 17A0992687
|o snkSB 82917
|i snk2012/8865
|8 0
|3 Príloha: 1 silikónová forma, 1 zdobiace vrecko s 5 špičkami
|0 0
|1 0
|4 0
|d 2012-05-02
|l 0
|r 2025-05-05 00:00:00
|w 2026-02-23
|
| 952 |
|
|
|a SNK
|b SNK
|y PREZ
|7 0
|p 17A0992686
|o snkSB 82917/príl.
|i snk2012/8865
|8 0
|3 Príloha: 1 silikónová forma, 1 zdobiace vrecko s 5 špičkami
|z Príloha
|0 0
|1 0
|4 0
|d 2012-05-02
|l 0
|r 2025-05-05 00:00:00
|w 2026-02-23
|
| 952 |
|
|
|a SNK
|b SNK
|y PREZ
|7 0
|p 17A0992685
|o snkSB 82917 D1
|i snk2012/8867
|8 0
|3 Príloha: 1 silikónová forma, 1 zdobiace vrecko s 5 špičkami
|0 0
|1 0
|4 0
|d 2012-05-02
|l 0
|r 2016-06-30 00:00:00
|w 2026-02-23
|
| 952 |
|
|
|a SNK
|b SNK
|y PREZ
|7 0
|p 17A0992684
|o snkSB 82917/príl. D1
|i snk2012/8867
|8 0
|3 Príloha: 1 silikónová forma, 1 zdobiace vrecko s 5 špičkami
|z Príloha
|0 0
|1 0
|4 0
|d 2012-05-02
|l 0
|r 2016-06-30 00:00:00
|w 2026-02-23
|